000
00328nam a22001457a 4500
003
SGT
082
_a
617.75
_b
S13M
100
_a
MONDAL, BISWAJIT
245
_a
SLIF-LAMP BIOMICROSCOPY IN PRIMARY EYE CARE
250
_a
1ST
260
_a
INDIA
_b
JAYPEE
_c
2013
300
_a
60
650
_a
OPHTHALMOLOGY
942
_2
ddc
_c
BK
_0
2
999
_c
10520
_d
10520